Central Library OPAC University of Rajshahi

কুরআনুল করীম / (Record no. 40718)

MARC details
000 -LEADER
fixed length control field 01291nam a2200265 a 4500
001 - CONTROL NUMBER
control field 40718
003 - CONTROL NUMBER IDENTIFIER
rucl marc code BD-RjUL
005 - DATE AND TIME OF LATEST TRANSACTION
control field 20211209053253.0
008 - FIXED-LENGTH DATA ELEMENTS--GENERAL INFORMATION
fixed length control field 160509s1965 bg ||||| |||| 00| 0 ben d
020 ## - INTERNATIONAL STANDARD BOOK NUMBER
Terms of availability : PRs 1.00 (v-3)
Terms of availability : PRs 25.00 (v-2)
035 ## - SYSTEM CONTROL NUMBER
System control number (BD-RjUL)40833
040 ## - CATALOGING SOURCE
Original cataloging agency BD-RjUL
Language of cataloging ben
Transcribing agency BD-RjUL
041 ## - LANGUAGE CODE
Language code of text/sound track or separate title ben
082 ## - DEWEY DECIMAL CLASSIFICATION NUMBER
Edition number 23
Classification number 297.122
Author mark and year QUR 1965-1978
245 00 - TITLE STATEMENT
Title কুরআনুল করীম /
Statement of responsibility, etc. অনুবাদ ও সম্পাদনা শামসুল ওলামা বেলায়েত হোসেন , শামসুল ওলামা মুহম্মদ আমীন আব্বাসী
260 ## - PUBLICATION, DISTRIBUTION, ETC. (IMPRINT)
Place of publication, distribution, etc. ঢাকা :
Name of publisher, distributor, etc. ইসলামিক ফাউণ্ডেশন,
Date of publication, distribution, etc. ১৯৬৫ [১৩৭১]
300 ## - PHYSICAL DESCRIPTION
Pagination খণ্ড ;
Size ২৫ সেমি.
505 0# - FORMATTED CONTENTS NOTE
Formatted contents note খণ্ড ৩ -- খণ্ড ২ --
650 ## - SUBJECT ADDED ENTRY--TOPICAL TERM
Topical term or geographic name as entry element Quran
9 (RLIN) 125283
Topical term or geographic name as entry element কুরআন
9 (RLIN) 125284
700 ## - ADDED ENTRY--PERSONAL NAME
Personal name হোসেন, শামসুল ওলামা বেলায়েত, অনুবাদ ও সম্পাদনা
Personal name আব্বাসী, শামসুল ওলামা মুহম্মদ আমীন, অনুবাদ ও সম্পাদনা
942 ## - ADDED ENTRY ELEMENTS (KOHA)
Source of classification or shelving scheme Dewey Decimal Classification
Koha item type Books
Holdings
Lost status Source of classification or shelving scheme Damaged status Not for loan Collection code Permanent Location Current Location Shelving location Date acquired Source of acquisition Cost, normal purchase price Total Checkouts Full call number Date last seen Copy number Koha item type Date checked out
  Dewey Decimal Classification   Not For Loan Non-fiction Central Library, University of Rajshahi Central Library, University of Rajshahi Reading Room 31/05/1967 Ialamic Academy 1.80   B 297.122 V-3 QUR 1965 09/05/2016 C-1 Books  
  Dewey Decimal Classification   Not For Loan Non-fiction Central Library, University of Rajshahi Central Library, University of Rajshahi Reading Room 10/10/1997 Islamic Foundation Bangladesh 25.00   B 297.122 QUR V-2 1978 09/05/2016 C-1 Books  
  Dewey Decimal Classification     Non-fiction Central Library, University of Rajshahi Central Library, University of Rajshahi   10/10/1979 Islamic Foundation Bangladesh     B 297.122 QUR V-2 1978 31/05/2016 C-2 Books  
  Dewey Decimal Classification     Non-fiction Central Library, University of Rajshahi Central Library, University of Rajshahi   10/10/1979 Islamic Foundation Bangladesh   1 B 297.122 QUR V-2 1978 16/08/2017 C-3 Books 07/08/2017